Shakakarte Sri-Shiv Chatrapati Maharaj Yanche Saptaprakaranaatmak Charitra (Record no. 351006)

MARC details
000 -LEADER
fixed length control field 003980000a22001450004500
005 - DATE AND TIME OF LATEST TRANSACTION
control field 20120302060356.0
040 ## - CATALOGING SOURCE
Original cataloging agency MAR
100 ## - MAIN ENTRY--PERSONAL NAME
Personal name Chitnis,Malhaar Ramrao
245 ## - TITLE STATEMENT
Title Shakakarte Sri-Shiv Chatrapati Maharaj Yanche Saptaprakaranaatmak Charitra
260 ## - PUBLICATION, DISTRIBUTION, ETC. (IMPRINT)
Place of publication, distribution, etc Pune:Kaashinath Naarayan Saane,1924.
300 ## - PHYSICAL DESCRIPTION
Extent 12,376p.
650 ## - SUBJECT ADDED ENTRY--TOPICAL TERM
Topical term or geographic name as entry element Charitra
650 ## - SUBJECT ADDED ENTRY--TOPICAL TERM
Topical term or geographic name as entry element Sri Shiv Chatrapati
942 ## - ADDED ENTRY ELEMENTS (KOHA)
Koha item type Book
Holdings
Withdrawn status Lost status Damaged status Not for loan Home library Current library Date acquired Total Checkouts Barcode Date last seen Price effective from
        Institute For Oriental Study, Thane Institute For Oriental Study, Thane 12/02/2009   IOS-1145 12/02/2009 12/02/2009